[Event "Reunion IBM op"]
[Site "Reunion"]
[Date "1997.??.??"]
[Round "6"]
[White "Mezino, J."]
[Black "Frank, Albert"]
[Result "0-1"]
[WhiteElo "2010"]
[BlackElo "2040"]
[PlyCount "76"]
[EventDate "1997.??.??"]
[EventType "swiss"]
[EventRounds "9"]
[EventCountry "RUF"]
[SourceTitle "EXT 1998"]
[Source "ChessBase"]
[SourceDate "1997.11.17"]
[SourceVersion "1"]
[SourceVersionDate "1997.11.17"]
[SourceQuality "1"]

1. e4 c5 2. Nf3 a6 3. c4 d6 4. d4 cxd4 5. Nxd4 Nf6 6. Nc3 Nc6 7. Be2 g6 8. Be3 Bg7 9. Nxc6 bxc6 10. e5 dxe5 11. Qxd8+ Kxd8 12. Bf3 Kc7 13. h3 Rd8 14. 0-0 Rb8 15. Na4 Nd7 16. Rfd1 f5 17. Bd2 Kb7 18. Ba5 Re8 19. Rxd7+ Bxd7 20. Nc5+ Kc8 21. Rd1 e4 22. Rxd7 Be5 23. Bd1 Bd6 24. Ba4 Rxb2 25. Rxd6 exd6 26. Bxc6 Re7 27. Na4 Rxa2 28. Bb6 Rb7 29. Bd4 Kc7 30. Bxb7 Kxb7 31. Nc3 Rd2 32. Be3 Rd3 33. Nd5 Rd1+ 34. Kh2 a5 35. Nc3 Rd3 36. Nd5 a4 37. Nb4 Rc3 38. Nd5 Rxc4 0-1

[Event "Reunion IBM op"]
[Site "Reunion"]
[Date "1997.??.??"]
[Round "2"]
[White "Mezino, J."]
[Black "Magem Badals, Jordi"]
[Result "0-1"]
[WhiteElo "2070"]
[BlackElo "2570"]
[PlyCount "70"]
[EventDate "1997.??.??"]
[EventType "swiss"]
[EventRounds "9"]
[EventCountry "RUF"]
[SourceTitle "EXT 1998"]
[Source "ChessBase"]
[SourceDate "1997.11.17"]
[SourceVersion "1"]
[SourceVersionDate "1997.11.17"]
[SourceQuality "1"]

1. e4 c6 2. d4 d5 3. Nc3 b5 4. Bd3 b4 5. Nce2 e6 6. c4 bxc3 7. bxc3 Nf6 8. Ng3 Qa5 9. N1e2 Ba6 10. 0-0 Be7 11. e5 Nfd7 12. f4 g6 13. Be3 Bxd3 14. Qxd3 Nb6 15. f5 Qa6 16. Qc2 Nc4 17. Bh6 Nd7 18. fxe6 fxe6 19. Rf3 Rb8 20. Rb1 Rxb1+ 21. Qxb1 c5 22. h3 Qb6 23. Qxb6 Ndxb6 24. Nf4 Kd7 25. Nd3 Na4 26. Ne2 Ke8 27. Kf2 Rg8 28. g4 g5 29. h4 Nd2 30. Rh3 c4 31. Ne1 Ne4+ 32. Ke3 gxh4 33. g5 Nxg5 34. Rxh4 Nf7 35. Rh3 Nxh6 0-1